书目信息 |
| 题名: |
建筑材料
|
|
| 作者: | 王静杰 , 王小广 , 苏登信 主编 | |
| 分册: | ||
| 出版信息: | 武汉 华中科技大学出版社 2015.03 |
|
| 页数: | 174页 | |
| 开本: | 26cm | |
| 丛书名: | 高职高专土建类工学结合“十二五”规划教材 | |
| 单 册: | ||
| 中图分类: | TU5 | |
| 科图分类: | ||
| 主题词: | 建筑材料--jian zhu cai liao--高等职业教育--教材 | |
| 电子资源: | ||
| ISBN: | 978-7-5680-0317-9 | |
| 000 | 01152nam 2200301 450 | |
| 001 | CAL 0120151522316 | |
| 005 | 20150819143124.01 | |
| 010 | @a978-7-5680-0317-9@dCNY29.80 | |
| 100 | @a20150325d2015 em y0chiy50 ea | |
| 101 | 0 | @achi |
| 102 | @aCN@b420000 | |
| 105 | @aak a 000yy | |
| 106 | @ar | |
| 200 | 1 | @a建筑材料@Ajian zhu cai liao@f主编苏登信, 王静杰, 王小广 |
| 210 | @a武汉@c华中科技大学出版社@d2015.03 | |
| 215 | @a174页@c图@d26cm | |
| 225 | 2 | @a高职高专土建类工学结合“十二五”规划教材@Agao zhi gao zhuan tu jian lei gong xue jie he “ shi er wu ” gui hua jiao cai |
| 320 | @a有书目 | |
| 330 | @a本书内容主要以建筑工程常用材料为主线, 研究不同材料的组成和构造, 分析材料在不同使用环境、技术条件下的状态、技术性能、使用要求, 进一步研究如何有效应用和合理选择材料。 | |
| 410 | 0 | @12001 @a高职高专土建类工学结合“十二五”规划教材 |
| 586 | @a | |
| 606 | 0 | @a建筑材料@Ajian zhu cai liao@x高等职业教育@j教材 |
| 690 | @aTU5@v5 | |
| 701 | 0 | @a王静杰@Awang jing jie@4主编 |
| 701 | 0 | @a王小广@Awang xiao guang@4主编 |
| 701 | 0 | @a苏登信@Asu deng xin@4主编 |
| 801 | 0 | @aCN@c20150820 |
| 905 | @a河南城建学院图书馆@dTU5@eS8011@f3 | |
| 建筑材料/主编苏登信, 王静杰, 王小广.-武汉:华中科技大学出版社,2015.03 |
| 174页:图;26cm.-(高职高专土建类工学结合“十二五”规划教材) |
| ISBN 978-7-5680-0317-9:CNY29.80 |
| 本书内容主要以建筑工程常用材料为主线, 研究不同材料的组成和构造, 分析材料在不同使用环境、技术条件下的状态、技术性能、使用要求, 进一步研究如何有效应用和合理选择材料。 |
| ● |
| 相关链接 |
|
|
|
正题名:建筑材料
索取号:TU5/S8011
 
预约/预借
| 序号 | 登录号 | 条形码 | 馆藏地/架位号 | 状态 | 备注 |
| 1 | 1166653 | 211666534 | 建筑库201/201建筑库 2排2列3层/ [索取号:TU5/S8011] | 在馆 | |
| 2 | 1166654 | 211666543 | 建筑库201/201建筑库 2排2列3层/ [索取号:TU5/S8011] | 在馆 | |
| 3 | 1166655 | 211666552 | 建筑库201/201建筑库 2排2列3层/ [索取号:TU5/S8011] | 在馆 |